000 00865aam a2200313 4500
005 20260511192441.0
008 150309b2007 xxu||||| |||| 00| 0 spa d
041 _aESP
082 _a004.015 1 M977i2
100 _aMurillo Tsijli, Manuel
245 _aIntroducción a la matemática discreta
250 _a2 edición
260 _aCosta Rica
260 _bEditorial Tecnológica de Costa Rica
260 _c2007
300 _a408 páginas
490 _aBig Data
490 _aTecnologías de la Información
650 _aMATEMÁTICA PARA COMPUTACIÓN
650 _aPRINCIPIOS MATEMÁTICOS
650 _aMATEMÁTICA DISCRETA
650 _aLÓGICA
650 _aTEORÍA DE CONJUNTOS
650 _aRELACIONES BINARIAS
650 _aFUNCIONES
650 _aINDUCCIÓN Y RECURSIVIDAD
650 _aESTRUCTURAS ALGEBRAICAS
942 _cBK
_2ddc
999 _c3775
_d3775